000 00433cam a2200145 i 4500
005 20250901165807.0
008 220218t20202020maua 000 0 eng d
010 _a 2021443360
020 _a9781623719357
_q(paperback)
020 _a1623719356
_q(paperback)
050 0 0 _aPR9387.9 .W36 2016
245 0 0 _aMemories we Lost
_cSelection by Chris Wanjala
_band other stories
300 _a175pages :
_billustration ;
_c24 cm.
942 _2lcc
999 _c9313
_d9313